| Tag |
First Indicator |
Second Indicator |
Subfields |
| LEADER |
00000cam a2200000 a 4500 |
| 001 |
in00000084166 |
| 005 |
20151008055707.0 |
| 007 |
he bm----b--- |
| 008 |
801126r19801980fr a bb i00100 eng d |
| 020 |
|
|
|a 9283513592
|
| 035 |
|
|
|a (OCoLC)06980222
|
| 035 |
|
|
|9 AAJ4136AM
|
| 040 |
|
|
|a IRU
|c IRU
|d TXA
|d UtOrBLW
|
| 049 |
|
|
|a TXAI
|
| 090 |
|
|
|a TL500.N6
|b Ag15 no.257
|
| 099 |
|
|
|a fiche
|a S
|a 144
|a no. 257
|
| 245 |
0 |
0 |
|a Practical applications of fracture mechanics /
|c edited by Harold Liebowitz.
|
| 264 |
|
1 |
|a Neuilly sur Seine, France :
|b North Atlantic Treaty Organization, Advisory Group for Aerospace Research and Development,
|c 1980.
|
| 300 |
|
|
|a 341 pages in various pagings :
|b illustrations
|
| 336 |
|
|
|a text
|b txt
|2 rdacontent
|
| 337 |
|
|
|a microform
|b h
|2 rdamedia
|
| 338 |
|
|
|a microfiche
|b he
|2 rdacarrier
|
| 490 |
1 |
|
|a AGARDograph ;
|v no. 257
|
| 500 |
|
|
|a "Sponsored by the Structures and Materials Panel of AGARD."
|
| 504 |
|
|
|a Includes bibliographies and indexes.
|
| 533 |
|
|
|a Microfiche.
|b Neuilly sur Seine, France :
|c AGARD, North Atlantic Treaty Organization,
|d 1980.
|e 5 microfiches : negative, ill. ; 11 x 15 cm.
|
| 500 |
|
|
|a Microform.
|
| 650 |
|
0 |
|a Fracture mechanics.
|
| 650 |
|
0 |
|a Airplanes
|x Design and construction.
|
| 700 |
1 |
|
|a Liebowitz, Harold.
|
| 710 |
2 |
|
|a North Atlantic Treaty Organization.
|b Advisory Group for Aerospace Research and Development.
|b Structures and Materials Panel.
|
| 830 |
|
0 |
|a AGARDograph ;
|v no. 257.
|
| 999 |
|
|
|a MARS
|
| 999 |
f |
f |
|s 5443847e-187b-3592-81e6-0e7b634625ce
|i cf111a27-1fc8-3f85-a7c3-312e598a7e3d
|t 0
|
| 952 |
f |
f |
|p normal
|a Texas A&M University
|b College Station
|c Sterling C. Evans Library
|d Evans: Microforms (3rd floor)
|t 0
|e fiche S 144 no.257
|h Other scheme
|i microform -- microfiche
|m A14832929067
|
| 998 |
f |
f |
|a fiche S 144 no.257
|t 0
|l Evans: Microforms (3rd floor)
|